[Event "Napoli Winter Cup 1st"]
[Site "Napoli"]
[Date "2017.01.26"]
[Round "2"]
[White "Cocchia, Umberto"]
[Black "Giovine, Massimo"]
[Result "1-0"]
[WhiteElo "1835"]
[BlackElo "1593"]
[PlyCount "25"]
[EventDate "2017.01.19"]
[EventType "swiss"]
[EventRounds "5"]
[EventCountry "ITA"]
[SourceTitle "EXT 2018"]
[Source "ChessBase"]
[SourceDate "2017.10.13"]
[SourceVersion "1"]
[SourceVersionDate "2017.10.13"]
[SourceQuality "1"]

1. e4 g6 2. d4 Bg7 3. Nc3 c6 4. Be3 d5 5. Qd2 dxe4 6. Nxe4 e5 7. Nf3 Qc7 8. dxe5 Bxe5 9. 0-0-0 Bg4 10. Nxe5 Bxd1 11. Nd6+ Kf8 12. Bc5 Kg7 13. Ne8# 1-0

[Event "Napoli Primavera al Vomero op"]
[Site "Napoli"]
[Date "2016.05.26"]
[Round "4"]
[White "Gallo, Thomas Renato"]
[Black "Giovine, Massimo"]
[Result "1-0"]
[WhiteElo "1856"]
[BlackElo "1622"]
[PlyCount "59"]
[EventDate "2016.05.05"]
[EventType "swiss"]
[EventRounds "6"]
[EventCountry "ITA"]
[SourceTitle "EXT 2018"]
[Source "ChessBase"]
[SourceDate "2017.10.13"]
[SourceVersion "1"]
[SourceVersionDate "2017.10.13"]
[SourceQuality "1"]

1. d4 d5 2. c4 e6 3. Nc3 Nf6 4. e3 b6 5. Nf3 Bb7 6. cxd5 exd5 7. Bd3 Be7 8. 0-0 0-0 9. Ne5 Nbd7 10. f4 c5 11. b3 cxd4 12. exd4 Ne4 13. Bb2 Rc8 14. Rc1 Ndf6 15. Qe2 Bb4 16. Nb1 Qe7 17. g3 Bd6 18. Ba6 Bxa6 19. Qxa6 Ra8 20. Rc2 Bxe5 21. fxe5 Ng4 22. Qd3 Rac8 23. Rxc8 Rxc8 24. Qf3 Rc2 25. Qxg4 Rxb2 26. Rc1 h6 27. Nc3 Nxc3 28. Rxc3 Qa3 29. Rc8+ Kh7 30. Qf5+ 1-0

[Event "Napoli Sociale-ch"]
[Site "Napoli"]
[Date "2015.12.03"]
[Round "5"]
[White "Petteruti, Antonio"]
[Black "Giovine, Massimo"]
[Result "0-1"]
[WhiteElo "1595"]
[BlackElo "1702"]
[PlyCount "60"]
[EventDate "2015.11.05"]
[EventType "swiss"]
[EventRounds "7"]
[EventCountry "ITA"]
[SourceTitle "EXT 2018"]
[Source "ChessBase"]
[SourceDate "2017.10.13"]
[SourceVersion "1"]
[SourceVersionDate "2017.10.13"]
[SourceQuality "1"]

1. d4 d5 2. Nf3 Nf6 3. Bf4 e6 4. e3 Bd6 5. Bg5 Nbd7 6. Bd3 0-0 7. Nbd2 b6 8. c4 Bb7 9. 0-0 c5 10. a3 Qc7 11. Bxf6 Nxf6 12. h3 e5 13. dxe5 Bxe5 14. Nxe5 Qxe5 15. b4 Qc3 16. Qc2 cxb4 17. axb4 Qxb4 18. Ra4 Qc5 19. Nb3 Qd6 20. cxd5 Qxd5 21. f3 Rfc8 22. Rc4 Qe6 23. Qe2 Re8 24. e4 b5 25. Rc7 Qb6+ 26. Rc5 Nd7 27. Bxb5 Nxc5 28. Nxc5 Re5 29. Ba6 Bxa6 30. Qxa6 Rxc5 0-1

[Event "Napoli Sociale-ch"]
[Site "Napoli"]
[Date "2015.11.05"]
[Round "1"]
[White "Orefice, Matteo"]
[Black "Giovine, Massimo"]
[Result "1-0"]
[WhiteElo "1377"]
[BlackElo "1702"]
[PlyCount "111"]
[EventDate "2015.11.05"]
[EventType "swiss"]
[EventRounds "7"]
[EventCountry "ITA"]
[SourceTitle "EXT 2018"]
[Source "ChessBase"]
[SourceDate "2017.10.13"]
[SourceVersion "1"]
[SourceVersionDate "2017.10.13"]
[SourceQuality "1"]

1. e4 c5 2. Nf3 d6 3. Nc3 Nc6 4. Bb5 a6 5. Bxc6+ bxc6 6. d3 Qc7 7. h3 e5 8. 0-0 Nf6 9. Bg5 Be7 10. Qd2 0-0 11. Rfe1 Be6 12. a3 a5 13. Rab1 a4 14. Nh2 Ne8 15. Bxe7 Qxe7 16. f4 exf4 17. Qxf4 Qf6 18. Rf1 c4 19. Qe3 Qg6 20. d4 d5 21. Rf4 Nd6 22. Ng4 Bxg4 23. Rxg4 Qe6 24. Qg3 g6 25. e5 Nf5 26. Qf2 Rfe8 27. Rf1 Kh8 28. Rg5 Rf8 29. g4 Ng7 30. Qh4 f5 31. exf6 Rxf6 32. Re5 Rxf1+ 33. Kxf1 Qf7+ 34. Kg2 Rf8 35. Re2 Qf1+ 36. Kh2 Qf4+ 37. Qg3 Qxd4 38. Nxa4 Qf6 39. c3 Ne6 40. Qe5 Qxe5+ 41. Rxe5 Nf4 42. Kg3 Nd3 43. Re2 Rb8 44. Kf3 Kg8 45. Ke3 Kf7 46. Kd4 Kf6 47. h4 Rb5 48. Rd2 Ne5 49. Rf2+ Ke6 50. Re2 Kd6 51. Rxe5 c5+ 52. Nxc5 Rxc5 53. Re6+ Kxe6 54. Kxc5 h5 55. gxh5 gxh5 56. a4 1-0